[Event "NCL967 Hertford-Richmond"]
[Site "Rd6"]
[Date "1997.??.??"]
[Round "6.2"]
[White "McShane, Luke"]
[Black "Duncan, Chris"]
[Result "0-1"]
[WhiteElo "2385"]
[BlackElo "2340"]
[PlyCount "42"]
[EventDate "1997.01.26"]
[Source "J.Saunders"]
[SourceDate "1998.06.06"]

1. e4 c5 2. Nf3 d6 3. d4 cxd4 4. Nxd4 Nf6 5. Nc3 g6 6. Be3 Bg7 7. f3 O-O 8. Qd2
Nc6 9. O-O-O Bd7 10. g4 Rc8 11. h4 Ne5 12. h5 Qa5 13. Be2 b5 14. Nb3 Qa6 15.
Kb1 Nc4 16. Bxc4 bxc4 17. Nd4 Rb8 18. Ka1 Rb4 19. Rb1 Bxg4 20. fxg4 Nxe4 21.
Nxe4 Qxa2+ 0-1

[Event "NCL967 Hertford-Richmond"]
[Site "Rd6"]
[Date "1997.??.??"]
[Round "6.3"]
[White "Swanson, Stephen"]
[Black "Trifunovic, Aleks"]
[Result "1/2-1/2"]
[WhiteElo "2265"]
[BlackElo "2250"]
[PlyCount "51"]
[EventDate "1997.01.26"]
[Source "J.Saunders"]
[SourceDate "1998.06.06"]

1. e4 Nf6 2. Nc3 d5 3. e5 Ne4 4. g3 Nxc3 5. dxc3 Bf5 6. Bg2 c6 7. Nf3 e6 8. Qe2
Be4 9. O-O Be7 10. a4 Nd7 11. Nd4 Bxg2 12. Kxg2 Qc7 13. Re1 O-O 14. Bf4 Rfe8
15. h4 c5 16. Nf3 Qc6 17. c4 Nb6 18. a5 Nd7 19. cxd5 Qxd5 20. Rad1 Qc6 21. Bg5
Bxg5 22. hxg5 Nf8 23. Rd6 Qa4 24. Qd2 Rab8 25. b3 Qb5 26. Qc3 1/2-1/2

[Event "NCL967 Hertford-Richmond"]
[Site "Rd6"]
[Date "1997.??.??"]
[Round "6.4"]
[White "Bates, Richard"]
[Black "Coleman, David"]
[Result "1-0"]
[WhiteElo "2315"]
[BlackElo "2280"]
[PlyCount "129"]
[EventDate "1997.01.26"]
[Source "J.Saunders"]
[SourceDate "1998.06.06"]

1. d4 Nf6 2. Nf3 g6 3. b4 Bg7 4. Bb2 d6 5. Nbd2 O-O 6. e3 Nbd7 7. Rb1 Qe8 8.
Be2 e5 9. O-O Qe7 10. c4 e4 11. Ne1 c6 12. Nb3 Re8 13. Na5 h5 14. c5 d5 15. b5
Nb8 16. Bc3 Bh6 17. bxc6 bxc6 18. Rxb8 Rxb8 19. Nxc6 Qc7 20. Nxb8 Qxb8 21. Qa4
Kg7 22. Qb5 Qc7 23. Ba5 Qe7 24. Nc2 Rh8 25. Nb4 Qe6 26. Bc7 Ng8 27. Qc6 Ne7 28.
Qxe6 Bxe6 29. Ba6 Bc8 30. Bb5 Be6 31. Ba6 Bc8 32. Rb1 Bg5 33. Be5+ Bf6 34.
Bxf6+ Kxf6 35. Bxc8 Rxc8 36. Na6 Rc6 37. Nb8 Rc7 38. a4 Ke6 39. a5 Nc6 40. Nxc6
Rxc6 41. Rb8 Ra6 42. Rd8 h4 43. Kf1 f6 44. Ke1 g5 45. Kd2 g4 46. Kc3 Rxa5 47.
Rd6+ Ke7 48. Rxd5 g3 49. hxg3 hxg3 50. fxg3 Ra3+ 51. Kd2 Ra2+ 52. Kd1 Rxg2 53.
c6 Rxg3 54. Rd7+ Ke8 55. Rxa7 Kd8 56. Rd7+ Kc8 57. Ke2 Rg2+ 58. Ke1 Rc2 59. d5
Rc3 60. Kf2 Rd3 61. Kg3 Rxe3+ 62. Kf4 Re1 63. Ra7 Rd1 64. Kxe4 Re1+ 65. Kd4 1-0

[Event "NCL967 Hertford-Richmond"]
[Site "Rd6"]
[Date "1997.??.??"]
[Round "6.5"]
[White "Dearing, Eddie"]
[Black "Wall, Gavin"]
[Result "1-0"]
[WhiteElo "2185"]
[BlackElo "2305"]
[PlyCount "67"]
[EventDate "1997.01.26"]
[Source "J.Saunders"]
[SourceDate "1998.06.06"]

1. d4 f5 2. Bg5 g6 3. Nd2 Nh6 4. Ngf3 Nf7 5. Bf4 Bg7 6. e4 fxe4 7. Nxe4 d5 8.
Ng3 Nc6 9. Be2 O-O 10. Qd2 e5 11. dxe5 Ncxe5 12. O-O-O Nxf3 13. Bxf3 Qf6 14. c3
c6 15. Rhe1 b5 16. Kb1 a5 17. Be3 Ne5 18. Be2 Bf5+ 19. Ka1 Nc4 20. Bxc4 bxc4
21. Bg5 Qd6 22. Be7 Qd7 23. Bxf8 Rxf8 24. Nxf5 Qxf5 25. Re2 Qh5 26. h3 Bh6 27.
Qc2 c5 28. Rde1 Qf5 29. f3 Qd3 30. Rd1 Qxc2 31. Rxc2 Re8 32. a3 Re5 33. g3 Rg5
34. Rg2 1-0

[Event "NCL967 Hertford-Richmond"]
[Site "Rd6"]
[Date "1997.??.??"]
[Round "6.6"]
[White "Franklin, Michael"]
[Black "Cheal, Barry"]
[Result "1/2-1/2"]
[WhiteElo "2255"]
[BlackElo "2064"]
[PlyCount "85"]
[EventDate "1997.01.26"]
[Source "J.Saunders"]
[SourceDate "1998.06.06"]

1. d4 d6 2. Nf3 Nf6 3. c3 g6 4. Bf4 Bg7 5. e3 Nbd7 6. h3 O-O 7. Be2 b6 8. O-O
Bb7 9. a4 a6 10. Na3 Qb8 11. Bh2 Qa7 12. b4 Rac8 13. b5 a5 14. Rc1 h6 15. Nc4
Qa8 16. Ne1 Rce8 17. Bf3 Bxf3 18. Qxf3 Qxf3 19. Nxf3 Ne4 20. Rfd1 Rc8 21. Nfd2
Nxd2 22. Rxd2 e6 23. f3 Rfd8 24. Bg3 Bf6 25. Bf2 d5 26. Nb2 c5 27. Rdc2 c4 28.
Re1 Kf8 29. e4 dxe4 30. fxe4 Be7 31. e5 Kg7 32. Nd1 Nf8 33. Ne3 Bg5 34. h4 Bxe3
35. Bxe3 Rd5 36. Rf2 Rc7 37. Ref1 Rb7 38. Rf3 Rdd7 39. Bc1 Nh7 40. Kh2 Rd5 41.
Ba3 Kg8 42. Kh3 Kg7 43. g4 1/2-1/2

[Event "NCL967 Hertford-Richmond"]
[Site "Rd6"]
[Date "1997.??.??"]
[Round "6.7"]
[White "Denton, John"]
[Black "Beake, Ben"]
[Result "0-1"]
[WhiteElo "2008"]
[BlackElo "2112"]
[PlyCount "78"]
[EventDate "1997.01.26"]
[Source "J.Saunders"]
[SourceDate "1998.06.06"]

1. d4 Nf6 2. c4 g6 3. Nc3 Bg7 4. e4 d6 5. f3 O-O 6. Be3 c5 7. Nge2 Nc6 8. d5
Ne5 9. Nc1 e6 10. Be2 exd5 11. cxd5 a6 12. a4 h5 13. O-O Nh7 14. Qd2 f5 15. h3
Qf6 16. f4 Nf7 17. Nd3 Re8 18. Bf3 Qd8 19. Nf2 Nf6 20. exf5 gxf5 21. Rfe1 Nh8
22. Qd1 h4 23. Qc2 Bd7 24. a5 Ng6 25. Qd2 Bh6 26. Nd3 Rc8 27. Ne5 dxe5 28. fxe5
f4 29. exf6 fxe3 30. f7+ Kxf7 31. Qd3 c4 32. Qc2 Kg7 33. d6 Bf4 34. Nd5 Qg5 35.
Nxf4 Nxf4 36. Qc3+ Kh6 37. Bxb7 Bc6 38. Bxc6 Rxc6 39. Qc2 Rxd6 0-1

[Event "NCL967 Hertford-Richmond"]
[Site "Rd6"]
[Date "1997.??.??"]
[Round "6.8"]
[White "Bates, Ruth"]
[Black "Badger, Jo"]
[Result "0-1"]
[WhiteElo "1880"]
[BlackElo "1744"]
[PlyCount "112"]
[EventDate "1997.01.26"]
[Source "J.Saunders"]
[SourceDate "1998.06.06"]

1. d4 d6 2. e4 Nf6 3. Nf3 Nxe4 4. Bd3 Nf6 5. O-O g6 6. Bg5 Bg7 7. c3 O-O 8.
Nbd2 c5 9. dxc5 dxc5 10. Qe2 Nc6 11. Rfe1 Re8 12. Ne4 Nxe4 13. Bxe4 Bd7 14. Qc4
Qb6 15. Bxc6 Bxc6 16. Bxe7 Bxf3 17. gxf3 Qxb2 18. Bxc5 Rxe1+ 19. Rxe1 Qxc3 20.
Qxc3 Bxc3 21. Re7 b6 22. Be3 Bb4 23. Rd7 Ba5 24. Rb7 Kg7 25. Bd4+ Kf8 26. Be3
Bc3 27. Bh6+ Kg8 28. Be3 Kg7 29. Kg2 Kf6 30. Kg3 Ke6 31. Kg4 h5+ 32. Kg3 Bb4
33. Bf4 Bc5 34. Bc7 f6 35. h4 Kf5 36. Bf4 Bxf2+ 37. Kxf2 Kxf4 38. Rg7 Kf5 39.
Ke3 a6 40. Rb7 b5 41. Rb6 Re8+ 42. Kf2 Re6 43. Rb7 Rd6 44. Ke2 Kf4 45. Re7 f5
46. Rc7 Kg3 47. Rc1 Kxh4 48. Rg1 Kh3 49. Ke3 Kh2 50. Rb1 g5 51. Rb2+ Kg3 52.
Rb1 Re6+ 53. Kd4 Re2 54. Rg1+ Rg2 55. Rh1 h4 56. Ke3 h3 0-1

[Event "NCL967 Guildford-SW Dragons"]
[Site "Rd6"]
[Date "1997.01.26"]
[Round "6.1"]
[White "Cooper, John"]
[Black "Kinsman, Andrew"]
[Result "0-1"]
[WhiteElo "2370"]
[BlackElo "2400"]
[PlyCount "62"]
[EventDate "1997.01.26"]
[Source "J.Saunders"]
[SourceDate "1998.06.06"]

1. d4 Nf6 2. c4 e6 3. Nc3 c5 4. d5 exd5 5. cxd5 d6 6. e4 g6 7. Nf3 Bg7 8. h3
O-O 9. Bd3 b5 10. Nxb5 Re8 11. Bg5 c4 12. O-O cxd3 13. Rc1 Na6 14. Rc6 Bd7 15.
Rxd6 Qb8 16. Rxa6 Qxb5 17. Rxf6 h6 18. a4 Qb7 19. Bh4 g5 20. Rd6 gxh4 21. Qxd3
Qc7 22. Ra6 Qf4 23. Re1 Bxb2 24. Nd4 Rac8 25. Rxa7 Rc1 26. Rxc1 Qxc1+ 27. Qf1
Qc5 28. Rxd7 Qxd4 29. Qe2 Rxe4 30. Qh5 Re1+ 31. Kh2 Qf4+ 0-1

[Event "NCL967 Guildford-SW Dragons"]
[Site "Rd6"]
[Date "1997.01.26"]
[Round "6.2"]
[White "Povah, Nigel"]
[Black "Morris, Charles"]
[Result "0-1"]
[WhiteElo "2375"]
[BlackElo "2215"]
[PlyCount "50"]
[EventDate "1997.01.26"]
[Source "J.Saunders"]
[SourceDate "1998.06.06"]

1. d4 d5 2. c4 c6 3. Nf3 Nf6 4. Nc3 dxc4 5. a4 Bf5 6. e3 e6 7. Bxc4 Bb4 8. O-O
Nbd7 9. Qe2 Bg6 10. e4 Bxc3 11. bxc3 Nxe4 12. Ba3 Qc7 13. Nd2 Ndf6 14. Nxe4
Nxe4 15. f3 Nxc3 16. Qe3 Nd5 17. Bxd5 cxd5 18. Rfc1 Qb6 19. a5 Qxa5 20. Qe5 Qb6
21. Qxg7 Kd7 22. Bc5 Qc7 23. Bxa7 Qf4 24. Bb6 Rhc8 25. Re1 Rxa1 0-1

[Event "NCL967 Guildford-SW Dragons"]
[Site "Rd6"]
[Date "1997.01.26"]
[Round "6.3"]
[White "James, David J"]
[Black "Kennaugh, Charles"]
[Result "0-1"]
[WhiteElo "2260"]
[BlackElo "2290"]
[PlyCount "50"]
[EventDate "1997.01.26"]
[Source "J.Saunders"]
[SourceDate "1998.06.06"]

1. Nf3 d5 2. d4 c6 3. c4 e6 4. Nc3 dxc4 5. Bg5 Qc7 6. a4 Bb4 7. e4 b5 8. d5 Bb7
9. Be2 cxd5 10. exd5 Bxd5 11. axb5 Nd7 12. O-O Bxc3 13. bxc3 Ngf6 14. Qd4 O-O
15. Ra4 e5 16. Qh4 Ne4 17. Be7 Rfb8 18. Bxc4 Bxc4 19. Qxe4 Bxf1 20. Ng5 Nf8 21.
Bxf8 Kxf8 22. c4 h6 23. Nf3 Qd6 24. Qxe5 Qxe5 25. Nxe5 Re8 0-1

[Event "NCL967 Guildford-SW Dragons"]
[Site "Rd6"]
[Date "1997.01.26"]
[Round "6.4"]
[White "Abayasekera, Roger"]
[Black "Zeidler, Sven"]
[Result "1/2-1/2"]
[WhiteElo "2255"]
[BlackElo "2265"]
[PlyCount "87"]
[EventDate "1997.01.26"]
[Source "J.Saunders"]
[SourceDate "1998.06.06"]

1. e4 d5 2. exd5 Qxd5 3. Nc3 Qa5 4. d4 Nf6 5. Bc4 Nc6 6. d5 Ne5 7. Bb3 c6 8.
Qe2 Ned7 9. Bd2 cxd5 10. Nxd5 Qd8 11. O-O-O Nxd5 12. Bxd5 e6 13. Nf3 Be7 14.
Rhe1 Nc5 15. Bc4 Qb6 16. Ne5 O-O 17. Be3 Bf6 18. Bd4 Qc7 19. Qe3 b6 20. f4 Bb7
21. Bxc5 Qxc5 22. Qxc5 bxc5 23. Nd7 Rfd8 24. Nxf6+ gxf6 25. c3 Kf8 26. g3 Bf3
27. Rxd8+ Rxd8 28. a3 Ke7 29. Re3 Bc6 30. Rd3 Rb8 31. b4 cxb4 32. axb4 Rc8 33.
Ba6 Rc7 34. Kd2 e5 35. c4 e4 36. Rd4 f5 37. c5 Bb7 38. Bc4 a5 39. bxa5 Rxc5 40.
a6 Bc8 41. g4 fxg4 42. Rxe4+ Kf8 43. Rd4 Ke7 44. Re4+ 1/2-1/2

[Event "NCL967 Guildford-SW Dragons"]
[Site "Rd6"]
[Date "1997.01.26"]
[Round "6.5"]
[White "Saunders, John"]
[Black "Thompson, Ian"]
[Result "1/2-1/2"]
[WhiteElo "2240"]
[BlackElo "2300"]
[PlyCount "51"]
[EventDate "1997.01.26"]
[Source "J.Saunders"]
[SourceDate "1998.06.06"]

1. g3 Nf6 2. Bg2 d5 3. Nf3 c5 4. O-O Nc6 5. d3 g6 6. Nbd2 Bg7 7. e4 O-O 8. Re1
e6 9. h4 b5 10. Nh2 Rb8 11. e5 Nd7 12. f4 f6 13. exf6 Nxf6 14. Ndf3 Nh5 15. Nf1
Qc7 16. Qe2 Bd7 17. c3 b4 18. Qc2 Kh8 19. Be3 Qa5 20. Rac1 bxc3 21. bxc3 Qa3
22. Re2 d4 23. cxd4 cxd4 24. Bf2 Rfc8 25. Qd2 Qd6 26. Ng5 1/2-1/2

[Event "NCL967 Guildford-SW Dragons"]
[Site "Rd6"]
[Date "1997.01.26"]
[Round "6.6"]
[White "Granat, Russell"]
[Black "Smith, Jeff R"]
[Result "1-0"]
[WhiteElo "2265"]
[BlackElo "2200"]
[PlyCount "53"]
[EventDate "1997.01.26"]
[Source "J.Saunders"]
[SourceDate "1998.06.06"]

1. e4 e6 2. d4 d5 3. exd5 exd5 4. c4 Nf6 5. Nc3 Be7 6. Nf3 O-O 7. Qb3 dxc4 8.
Qxc4 Be6 9. Qa4 Nc6 10. Be3 Nb4 11. a3 Nbd5 12. Bd2 Re8 13. Be2 Bg4 14. O-O c6
15. h3 Bh5 16. Rfe1 h6 17. Ne5 Bxe2 18. Rxe2 Bd6 19. Rae1 Qc7 20. Qc2 Nxc3 21.
bxc3 Rad8 22. Ng4 Rxe2 23. Nxf6+ gxf6 24. Rxe2 Bxa3 25. Bxh6 Bf8 26. Bxf8 Kxf8
27. Qh7 1-0

[Event "NCL967 Guildford-SW Dragons"]
[Site "Rd6"]
[Date "1997.01.26"]
[Round "6.7"]
[White "Dyce, Andrew"]
[Black "Anderton, Matthew"]
[Result "1/2-1/2"]
[WhiteElo "2135"]
[BlackElo "2175"]
[PlyCount "71"]
[EventDate "1997.01.26"]
[Source "J.Saunders"]
[SourceDate "1998.06.06"]

1. e4 e6 2. d3 d5 3. Nd2 Nf6 4. Ngf3 c5 5. g3 Nc6 6. Bg2 Be7 7. O-O b6 8. Re1
Bb7 9. h4 Qc7 10. e5 Nd7 11. Qe2 O-O-O 12. c4 Nf8 13. a3 h6 14. h5 g6 15. cxd5
Rxd5 16. Nc4 gxh5 17. Nh2 Nd4 18. Qxh5 Nc2 19. Bxd5 Bxd5 20. Nd6+ Bxd6 21. exd6
Qd7 22. Be3 Nxa1 23. Rxa1 Ng6 24. b4 cxb4 25. Rc1+ Kb8 26. Rc7 Qxd6 27. Rxf7 e5
28. Rg7 Rg8 29. Rxg8+ Bxg8 30. axb4 Qxd3 31. Qxh6 Bd5 32. Qg5 Qb1+ 33. Nf1 Qe4
34. Qd8+ Kb7 35. Qd7+ Kb8 36. Qd8+ 1/2-1/2

[Event "NCL967 Guildford-SW Dragons"]
[Site "Rd6"]
[Date "1997.01.26"]
[Round "6.8"]
[White "Fink Nunn, Petra"]
[Black "Dyce, Abigail"]
[Result "1-0"]
[WhiteElo "2080"]
[BlackElo "1800"]
[PlyCount "161"]
[EventDate "1997.01.26"]
[Source "J.Saunders"]
[SourceDate "1998.06.06"]

1. e4 e6 2. d4 d5 3. Nc3 Nf6 4. e5 Nfd7 5. f4 c5 6. Nf3 Nc6 7. Be3 Be7 8. Qd2
cxd4 9. Nxd4 Nxd4 10. Bxd4 f6 11. exf6 Bxf6 12. O-O-O O-O 13. g3 Nb6 14. Bxf6
Qxf6 15. Qd4 Qxd4 16. Rxd4 Bd7 17. Bg2 Rad8 18. Re1 h6 19. Nb1 Nc4 20. Nd2 Nxd2
21. Rxd2 Rfe8 22. Re5 Rc8 23. f5 Kh8 24. fxe6 Bxe6 25. Rde2 Bd7 26. Rxe8+ Bxe8
27. Bxd5 Bc6 28. Bxc6 Rxc6 29. Re7 Rb6 30. b3 Kh7 31. c4 Kg6 32. Kc2 Kf6 33.
Rc7 g5 34. Kc3 Ke5 35. c5 Ra6 36. a4 Kd5 37. Kb4 b6 38. Rd7+ Kc6 39. Rd6+ Kc7
40. Kc4 Ra5 41. b4 bxc5 42. Rxh6 cxb4 43. Kxb4 Re5 44. a5 Kb7 45. a6+ Kc7 46.
Kc4 Ra5 47. Kd4 Rb5 48. Ke4 Ra5 49. Re6 Kd7 50. Re5 Rxa6 51. Rxg5 Ra2 52. h4 a5
53. h5 a4 54. Ra5 a3 55. g4 Ke7 56. h6 Kf7 57. h7 Kg7 58. Rh5 Re2+ 59. Kf4 Re8
60. Ra5 Kxh7 61. Rxa3 Kg6 62. Ra6+ Kg7 63. Kf5 Re1 64. Ra7+ Kg8 65. g5 Kf8 66.
Kg6 Rh1 67. Ra8+ Ke7 68. Kg7 Rg1 69. g6 Rg2 70. Kh7 Rh2+ 71. Kg8 Rg2 72. g7 Rh2
73. Ra7+ Ke8 74. Ra5 Ke7 75. Ra7+ Ke8 76. Ra4 Ke7 77. Re4+ Kd7 78. Kf7 Rf2+ 79.
Kg6 Rg2+ 80. Kf6 Rg1 81. Re5 1-0

[Event "NCL967 Celtic Kts-NW Eagles"]
[Site "Rd7"]
[Date "1997.02.22"]
[Round "7.1"]
[White "Borg, Andy"]
[Black "Quillan, Gary"]
[Result "1-0"]
[WhiteElo "2205"]
[BlackElo "2320"]
[PlyCount "69"]
[EventDate "1997.02.22"]
[Source "J.Saunders"]
[SourceDate "1998.06.06"]

1. d4 e6 2. Nf3 Nf6 3. c4 c5 4. d5 exd5 5. cxd5 d6 6. Nc3 g6 7. e4 Bg7 8. h3
O-O 9. Bd3 Na6 10. O-O Rb8 11. Re1 Nc7 12. a4 a6 13. a5 b5 14. axb6 Rxb6 15.
Nd2 Nb5 16. Na4 Rb7 17. Nc4 Re8 18. Bg5 h6 19. Bd2 Rbe7 20. Ba5 Qd7 21. Nab6
Qb7 22. Qf3 Nd7 23. Nxd7 Bxd7 24. Qg3 Qb8 25. Bd2 Bc8 26. Bf4 Rd8 27. Rad1 Bb7
28. Bb1 Kf8 29. h4 Ba8 30. Qe3 Nd4 31. Qg3 Red7 32. Ba2 Qb5 33. Kh1 Qa4 34. Nb6
Qxa2 35. Nxd7+ {time} 1-0

[Event "NCL967 Celtic Kts-NW Eagles"]
[Site "Rd7"]
[Date "1997.02.22"]
[Round "7.2"]
[White "Littlewood, John"]
[Black "Walsh, Chris"]
[Result "1-0"]
[WhiteElo "2275"]
[BlackElo "2180"]
[PlyCount "73"]
[EventDate "1997.02.22"]
[Source "J.Saunders"]
[SourceDate "1998.06.06"]

1. e4 e6 2. d4 d5 3. e5 c5 4. dxc5 Nc6 5. Nf3 Bxc5 6. Bd3 Nge7 7. Bf4 Qc7 8.
O-O f5 9. Nc3 a6 10. h4 O-O 11. h5 b5 12. a3 Bb7 13. Qd2 Qd7 14. Ne2 d4 15. Ng3
Bb6 16. h6 g6 17. Rad1 Nd5 18. Bg5 Qc7 19. Qe2 Rf7 20. Ra1 Rd7 21. Rfd1 Na5 22.
a4 b4 23. Nd2 Qc6 24. Qf1 Ba7 25. Nb3 Qb6 26. Ne2 Nxb3 27. cxb3 Bb8 28. a5 Qc7
29. Re1 Qxe5 30. Nf4 Qc7 31. Rac1 Bc6 32. Rxe6 Nxf4 33. Bxf4 Qxf4 34. g3 Qxh6
35. Rexc6 Bd6 36. Qe2 Qf8 37. Qe6+ 1-0

[Event "NCL967 Celtic Kts-NW Eagles"]
[Site "Rd7"]
[Date "1997.02.22"]
[Round "7.3"]
[White "Gilbert, Jonathan"]
[Black "Lund, Brett"]
[Result "0-1"]
[WhiteElo "2150"]
[BlackElo "2260"]
[PlyCount "124"]
[EventDate "1997.02.22"]
[Source "J.Saunders"]
[SourceDate "1998.06.06"]

1. d4 f5 2. g3 Nf6 3. Bg2 g6 4. c4 Bg7 5. Nc3 d6 6. Nf3 O-O 7. O-O Qe8 8. d5
Na6 9. Nd4 Bd7 10. Rb1 c6 11. b3 Nc7 12. Bb2 c5 13. Nc2 b5 14. cxb5 Nxb5 15.
Nxb5 Bxb5 16. Na3 a5 17. Nxb5 Qxb5 18. a4 Qb4 19. Qd3 Ng4 20. Bxg7 Kxg7 21. e3
Ne5 22. Qe2 Rab8 23. f4 Ng4 24. Rfc1 Nf6 25. Qb2 Kf7 26. Rc4 Qxc4 27. bxc4 Rxb2
28. Rxb2 Ra8 29. h3 Nd7 30. Rb7 Ke8 31. g4 fxg4 32. hxg4 Rb8 33. Rxb8+ Nxb8 34.
Be4 Nd7 35. Bc2 Kf7 36. Kf2 Nb6 37. Bb3 g5 38. Kg3 Kg6 39. Bc2+ Kg7 40. Bb3 Kf6
41. Kf3 h6 42. Kg3 e6 43. dxe6 Kxe6 44. Kf3 Kf6 45. Ke4 Kg6 46. Kf3 h5 47.
gxh5+ Kxh5 48. fxg5 Kxg5 49. Ke4 Kg4 50. Bd1+ Kg3 51. Bb3 Kf2 52. Kd3 Ke1 53.
e4 Nd7 54. Ke3 Ne5 55. Bc2 Nxc4+ 56. Kd3 Ne5+ 57. Ke3 c4 58. Bb1 Kd1 59. Kd4
Kd2 60. Kd5 c3 61. Kxd6 Kc1 62. Ba2 Kb2 0-1

[Event "NCL967 Celtic Kts-NW Eagles"]
[Site "Rd7"]
[Date "1997.02.22"]
[Round "7.4"]
[White "Tebb, David"]
[Black "Musson, Adam"]
[Result "1-0"]
[WhiteElo "2320"]
[BlackElo "2090"]
[PlyCount "69"]
[EventDate "1997.02.22"]
[Source "J.Saunders"]
[SourceDate "1998.06.06"]

1. e4 c5 2. Nf3 d6 3. d4 cxd4 4. Nxd4 Nf6 5. Nc3 a6 6. Qf3 Qc7 7. Bg5 Nc6 8.
O-O-O e6 9. h3 Be7 10. g4 h6 11. Be3 Ne5 12. Qg3 Bd7 13. f4 Nc4 14. Bxc4 Qxc4
15. g5 Nh5 16. Qf3 hxg5 17. fxg5 f6 18. Rd3 fxg5 19. e5 d5 20. Rhd1 Nf4 21.
Bxf4 O-O 22. b3 Qc5 23. Nce2 gxf4 24. Qg4 Rac8 25. Nxf4 Rf5 26. h4 g5 27. Ng6
Bd8 28. Qh5 Kg7 29. Nxf5+ exf5 30. c4 Be6 31. hxg5 Bg8 32. Qh6+ Kf7 33. Rxd5
Qe3+ 34. Kb1 Qe4+ 35. Ka1 1-0

[Event "NCL967 Celtic Kts-NW Eagles"]
[Site "Rd7"]
[Date "1997.02.22"]
[Round "7.5"]
[White "Adams, Mark"]
[Black "Sheldon, Ruth"]
[Result "0-1"]
[WhiteElo "2100"]
[BlackElo "2230"]
[PlyCount "50"]
[EventDate "1997.02.22"]
[Source "J.Saunders"]
[SourceDate "1998.06.06"]

1. e4 c5 2. Nf3 e6 3. b3 d6 4. Bb2 Nc6 5. Be2 Nf6 6. d3 Be7 7. O-O O-O 8. Nbd2
a6 9. c3 b5 10. d4 Bb7 11. Bd3 Nd7 12. Rc1 Bf6 13. Qe2 b4 14. dxc5 Nxc5 15. Bb1
a5 16. Rfd1 a4 17. e5 Nxe5 18. cxb4 Ncd3 19. Bxd3 Nxd3 20. Qxd3 Bxb2 21. Rc2
Bf6 22. bxa4 Rxa4 23. Ne4 Rxb4 24. Nxf6+ gxf6 25. h3 Be4 0-1

[Event "NCL967 Celtic Kts-NW Eagles"]
[Site "Rd7"]
[Date "1997.02.22"]
[Round "7.7"]
[White "Sheehan, Anthony"]
[Black "Smith, Alan A"]
[Result "0-1"]
[WhiteElo "2100"]
[BlackElo "2225"]
[PlyCount "68"]
[EventDate "1997.02.22"]
[Source "J.Saunders"]
[SourceDate "1998.06.06"]

1. e4 b6 2. d4 Bb7 3. Nc3 e6 4. Be3 Nf6 5. f3 c5 6. dxc5 bxc5 7. Qd2 Be7 8. e5
Nd5 9. Nxd5 Bxd5 10. Ne2 Qb6 11. b3 O-O 12. c4 Bc6 13. Nc3 Qc7 14. Bf4 Na6 15.
Bd3 Nb4 16. Be4 Bxe4 17. Nxe4 Nc6 18. Nd6 Bxd6 19. exd6 Qb6 20. O-O Nd4 21.
Rad1 a5 22. Be3 e5 23. f4 f6 24. fxe5 fxe5 25. Rxf8+ Rxf8 26. Rf1 Ra8 27. Qf2
Qxd6 28. Qf7+ Kh8 29. Bg5 Ne6 30. Be7 Qd4+ 31. Kh1 a4 32. Bf6 Qd6 33. bxa4 Rg8
34. Bh4 Rf8 0-1

[Event "NCL967 Celtic Kts-NW Eagles"]
[Site "Rd7"]
[Date "1997.02.22"]
[Round "7.8"]
[White "Giblin, William"]
[Black "John, Amanda"]
[Result "1-0"]
[WhiteElo "2130"]
[BlackElo "1500"]
[PlyCount "81"]
[EventDate "1997.02.22"]
[Source "J.Saunders"]
[SourceDate "1998.06.06"]

1. d4 d5 2. c4 e6 3. Nc3 Nf6 4. Bg5 c6 5. e3 Nbd7 6. Nf3 Qa5 7. Be2 Ne4 8. O-O
Ndf6 9. Bxf6 Nxf6 10. a3 Be7 11. b4 Qc7 12. Qb3 O-O 13. Rfc1 dxc4 14. Qxc4 Nd5
15. Nxd5 exd5 16. Qxd5 Qxh2+ 17. Nxh2 cxd5 18. Bf3 Rd8 19. Nf1 b6 20. Rc7 Bd6
21. Bxd5 Bxc7 22. Bxa8 Be6 23. Bf3 Rc8 24. Nd2 Bd6 25. Ne4 Be7 26. Rd1 Bb3 27.
Rd3 Rc1+ 28. Kh2 Bd5 29. Nf6+ Bxf6 30. Bxd5 Bh4 31. g3 Be7 32. e4 h5 33. Rf3
Kh7 34. Rxf7 Bd8 35. Rxa7 Rd1 36. Rd7 Bg5 37. f4 Rd2+ 38. Kh3 Bxf4 39. gxf4
Rxd4 40. Bg8+ Kxg8 41. Rxd4 1-0

[Event "NCL967 Richmond-Slough"]
[Site "Rd7"]
[Date "1997.02.22"]
[Round "7.2"]
[White "Pytel, Krzysztof"]
[Black "Bates, Richard"]
[Result "1-0"]
[WhiteElo "2445"]
[BlackElo "2315"]
[PlyCount "129"]
[EventDate "1997.02.22"]
[Source "J.Saunders"]
[SourceDate "1998.06.06"]

1. c4 g6 2. d4 Nf6 3. Nf3 Bg7 4. Nc3 O-O 5. Bf4 d6 6. e3 Bf5 7. h3 c5 8. Bd3
Bxd3 9. Qxd3 cxd4 10. exd4 Nc6 11. d5 Nb4 12. Qe2 Qd7 13. O-O Qf5 14. Bd2 Qd3
15. Qxd3 Nxd3 16. Rab1 a6 17. a4 Nd7 18. Rfd1 Rac8 19. b3 N7c5 20. a5 Nxf2 21.
Re1 Bxc3 22. Bxc3 Nfe4 23. Bd4 f5 24. Re3 e5 25. dxe6 Nxe6 26. Bb6 Nf4 27. Rd1
Rfe8 28. Kh2 Kf7 29. g3 Nh5 30. g4 fxg4 31. hxg4 Nhf6 32. Kg2 Kg8 33. g5 Ng4
34. Ree1 Re6 35. Nd2 Nxg5 36. Rxe6 Nxe6 37. Ne4 Rf8 38. Rxd6 Nf4+ 39. Kg3 Ne5
40. Be3 Ne2+ 41. Kg2 Nf4+ 42. Kg3 Nh5+ 43. Kg2 Ng4 44. Bd4 Nf4+ 45. Kg3 Ne2+
46. Kxg4 Rf4+ 47. Kg5 Rf5+ 48. Kg4 Rf4+ 49. Kg5 Rxe4 50. Bf6 Nf4 51. Rd8+ Kf7
52. Rd7+ Kf8 53. Rxh7 Ke8 54. Rxb7 Ne6+ 55. Kxg6 Nc5 56. Rb6 Kd7 57. Kf5 Re6
58. Rxe6 Nxe6 59. b4 Nc7 60. Be5 Ne6 61. Kf6 Nd8 62. b5 Kc8 63. Bd6 Kb7 64. Bc5
axb5 65. cxb5 1-0

[Event "NCL967 Richmond-Slough"]
[Site "Rd7"]
[Date "1997.02.22"]
[Round "7.3"]
[White "Williams, Simon"]
[Black "Mannion, Stephen"]
[Result "1/2-1/2"]
[WhiteElo "2350"]
[BlackElo "2390"]
[PlyCount "63"]
[EventDate "1997.02.22"]
[Source "J.Saunders"]
[SourceDate "1998.06.06"]

1. c4 e6 2. Nc3 d5 3. d4 Nf6 4. cxd5 exd5 5. Bg5 Be7 6. e3 O-O 7. Bd3 h6 8. Bh4
Nbd7 9. Nge2 c6 10. Qc2 Re8 11. O-O Ne4 12. Bxe4 Bxh4 13. Bh7+ Kh8 14. Bf5 Be7
15. Rab1 Nf6 16. b4 a6 17. a4 Bd6 18. g3 g6 19. Bxc8 Qxc8 20. Kg2 Ne4 21. Ng1
Qf5 22. Rfc1 Qe6 23. Nxe4 dxe4 24. b5 cxb5 25. axb5 a5 26. Qa4 Rec8 27. Rxc8+
Qxc8 28. b6 Bb4 29. Qb5 Qc2 30. Rf1 Kg8 31. Qd7 Qc8 32. Qd5 1/2-1/2

[Event "NCL967 Richmond-Slough"]
[Site "Rd7"]
[Date "1997.02.22"]
[Round "7.4"]
[White "Mortazavi, Ali"]
[Black "Wall, Gavin"]
[Result "1/2-1/2"]
[WhiteElo "2390"]
[BlackElo "2305"]
[PlyCount "87"]
[EventDate "1997.02.22"]
[Source "J.Saunders"]
[SourceDate "1998.06.06"]

1. e4 e5 2. Nf3 d6 3. d4 exd4 4. Qxd4 a6 5. Bg5 Nc6 6. Qc3 f6 7. Bd2 Be6 8. Bc4
Qd7 9. Nd4 Nxd4 10. Qxd4 Ne7 11. Bxe6 Qxe6 12. Nc3 f5 13. O-O-O fxe4 14. Nxe4
Qxa2 15. Nc3 Qa1+ 16. Nb1 O-O-O 17. Rhe1 Nf5 18. Qa7 Be7 19. g4 Bf6 20. c3 Ne7
21. g5 Nc6 22. Qe3 Be7 23. f4 g6 24. h4 d5 25. h5 Kb8 26. Qe6 Rhg8 27. Be3 Qa2
28. Qf7 Bd6 29. Qxd5 Qxd5 30. Rxd5 Rde8 31. Kd1 Rgf8 32. Nd2 Bxf4 33. Bxf4
Rxe1+ 34. Kxe1 Rxf4 35. Rd7 Rf5 36. Rxh7 Rxg5 37. h6 Rh5 38. Nf3 Ne5 39. Nxe5
Rxe5+ 40. Kf2 Rh5 41. Kf3 b6 42. Ke3 a5 43. Kd3 Kb7 44. Rh8 1/2-1/2